00522 2200193 4500001002100000005001500021035002000036007000300056008004100059020001800100082001000118084001600128100002900144245008600173250001000259260003000269300002100299990000800320INLIS00000000000087620260507092543 a0010-0526000128ta260507 0 ind  a9789790398092 a297.1 a297.1 SYA r0 aSyaik Ibrahim AS- Sakran1 aReconnect With Quran :bMenangkap Getaran kalam Ilahi /cSyaik Ibrahim AS- Sakran aCet.1 aSukoharjo :bAqwam,c2021 a184 hlm ;c21 cm a059